000 00353nam a2200133Ia 4500
008 240614s9999 xx 000 0 und d
041 _amar
100 _aरसाळ, सुधीर
_9204436
245 _aसमीक्षा आणि समीक्षक
250 _a1st
260 _bSayan
_c2021
_aPune
300 _a264
650 _aGeneral
999 _c358129
_d358129